| 000 | 00949nam a22003017a 4500 | ||
|---|---|---|---|
| 001 | 6769 | ||
| 003 | FISKH | ||
| 005 | 20250826145117.0 | ||
| 008 | 250527b cb ||||| |||| 00| 0 eng d | ||
| 020 | _a9781618103017 | ||
| 040 |
_aFISKH _beng _cFISKH _dFISKH |
||
| 050 | _aS944 | ||
| 082 | _a813 | ||
| 100 |
_aSuen, Anastasia _d(1956-) |
||
| 245 |
_aJohnny appleseed / _cBy Anastasia Suen ; Illustrated by Ed Myer |
||
| 250 | _aThis edition first published in 2013 | ||
| 260 |
_aFlorida : _bRourkeeducation, _c2013 |
||
| 300 |
_a24 pages : _bcolor illustrations ; _c21 cm |
||
| 505 | _aG | ||
| 520 | _aSung to the tune "The Muffin Man," this rhyming title will have students giggling as they learn the tale of Johnny Appleseed. | ||
| 521 | 8 |
_a350
_bLexile |
|
| 521 | 8 |
_aG
_bRaz-Plus |
|
| 650 |
_2Folktale _aRetelling |
||
| 650 |
_2Picture book _aTrees |
||
| 700 |
_aMyer, Ed _dillustrator |
||
| 942 |
_2ddc _cBK _n0 |
||
| 999 |
_c6769 _d6769 |
||